Statistiques concernant Carreau : géographie

Cliquez ici pour prendre le quiz!

Statistiques générales

  • Ce quiz a été pris 130 fois
    (33 depuis la dernière actualisation)
  • Le résultat moyen est 35 sur 45

Statistiques - réponses

QuestionTuileSelect% Correct
Drapeau de pays des CaraïbesNon
100%
Pays ayant une capitale au bord d'une mer ou d'un océanAllemagneNon
100%
Pays d'AfriqueArgentineNon
100%
Pays d'AfriqueIndeNon
100%
Pays ayant le français comme langue officielleItalieNon
100%
Pays d'AfriqueMalteNon
100%
Pays d'AfriquePhilipinesNon
100%
Drapeau de pays des CaraïbesNon
96%
Pays d'AfriqueEthiopieOui
96%
Pays d'AfriqueMaldivesNon
96%
Pays dans l'hémisphère sud ( entièrement ou parcellement )AustralieOui
93%
Pays dans l'hémisphère sud ( entièrement ou parcellement )BresilOui
93%
Pays ayant une capitale au bord d'une mer ou d'un océanEthiopieNon
93%
Pays ayant une capitale au bord d'une mer ou d'un océanGreceOui
93%
Pays d'AfriqueGuinee BissauOui
93%
Pays ayant le français comme langue officielleVietnamNon
93%
Drapeau de pays des CaraïbesNon
89%
Pays ayant une capitale au bord d'une mer ou d'un océanMaliNon
89%
Pays ayant une capitale au bord d'une mer ou d'un océanNorvègeOui
89%
Pays ayant le français comme langue officielleCanadaOui
85%
Pays ayant une capitale au bord d'une mer ou d'un océanIndeNon
85%
Pays dans l'hémisphère sud ( entièrement ou parcellement )IndonésieOui
85%
Pays ayant une capitale au bord d'une mer ou d'un océanIndonesieOui
85%
Pays d'AfriqueLesothoOui
85%
Pays d'AfriqueMalawiOui
85%
Drapeau de pays des CaraïbesNon
81%
Pays dans l'hémisphère sud ( entièrement ou parcellement )TongaOui
81%
Pays ayant le français comme langue officielleCongoOui
78%
Pays ayant une capitale au bord d'une mer ou d'un océanMexiqueNon
78%
Drapeau de pays des CaraïbesNon
74%
Drapeau de pays des CaraïbesOui
70%
Drapeau de pays des CaraïbesOui
70%
Pays ayant le français comme langue officielleLibanNon
70%
Pays dans l'hémisphère sud ( entièrement ou parcellement )indeNon
63%
Pays ayant une capitale au bord d'une mer ou d'un océanEtats UnisNon
59%
Drapeau de pays des CaraïbesOui
56%
Drapeau de pays des CaraïbesOui
56%
Pays ayant le français comme langue officielleNigerOui
56%
Pays ayant le français comme langue officielleAndorreNon
48%
Pays ayant le français comme langue officielleHaïtiOui
44%
Pays dans l'hémisphère sud ( entièrement ou parcellement )Guinée EquatorialeNon
37%
Pays dans l'hémisphère sud ( entièrement ou parcellement )SomalieOui
37%
Pays dans l'hémisphère sud ( entièrement ou parcellement )SomalieOui
37%
Pays dans l'hémisphère sud ( entièrement ou parcellement )FranceOui
19%
Pays ayant le français comme langue officielleVanuatuOui
19%

Distribution des résultats

Percentile par nombre de réponses

% des personnes avec chaque résultat

Votre développement - résultats

Vous n’avez pas pris ce quiz depuis la dernière actualisation